000 00814nam a22002417a 4500
003 URS
005 20260415092558.0
008 260223t2024 ph ||||| |||| 001 0 eng d
020 _a9786210224443
040 _aDLC
_beng
_cDLC
_dDLC
_dURS
_erda
082 _aB 839
_b.H429 2024
100 _aHermosa, Jherwin.
_eauthor.
245 _aAdvanced social philosophy /
_cDr. Jherwin Hermosa, and Dr. Edilberto Andal.
264 _aQuezon, City:
_bCentral Book Supply, Inc.,
_c[2024]
300 _axvi, 120 pages ;
_c23 cm.
336 _2rdacontent
_atext
_btxt
337 _2rdamedia
_aunmediated
_bn
338 _2rdacarrier
_avolume
_bnc
504 _aIncludes bibliographical references (pages 119-120), glossary, and indexes.
650 _aSocial philosophy.
700 _aAndal, Edilberto.
_eauthor.
942 _2ddc
_cF
999 _c98735
_d98732